Hunger Games Deaths Quiz Stats

 Plays Quiz not verified by Sporcle

Challenge
Share
Tweet
Embed
Score 0/46 Timer 10:00
0 Plays Today
Murderer Death % Correct
Katniss/MuttationsCato
93.9%
KatnissGlimmer
92.8%
ThreshClove
92.8%
MarvelRue
92.3%
KatnissMarvel
91.7%
CatoThresh
88.4%
N/AMr. Everdeen
81.2%
Lizard MuttsFinnick
80.1%
Rebels(accidently)Prim
80.1%
N/AMr. Hawthorne
74.6%
PeacekeepersCinna
74%
N/AMags
73.5%
N/APresident Snow
72.9%
GlossWiress
71.8%
KatnissGloss
71.8%
N/AFoxface
71.3%
JohannaCashmere
69.6%
KatnissPresident Coin
69.1%
PeetaBrutus
68.5%
CapitolPortia
68.5%
N/ABoggs
66.9%
UnknownBonnie
64.1%
UnknownTwill
64.1%
Murderer Death % Correct
N/ALeeg 2
63.5%
CapitolDarius
63%
Lizard MuttsLeeg 1
63%
CapitolMadge
61.9%
BrutusChaff
59.7%
N/ABlight
59.1%
UnknownCecelia
58%
UnknownWoof
57.5%
Lizard MuttsJackson
57.5%
PeetaMitchell
56.9%
CapitolMayor Undersee
55.8%
UnknownSeeder
54.7%
N/AMessalla
51.9%
CapitolLavinia
50.3%
Monkey muttationsFemale Morphling
48.6%
Lizard MuttsHomes
48.1%
Lizard MuttsCastor
47%
CapitolMrs. Undersee
43.1%
CapitolSeneca Crane
40.9%
CareersMale Morphling
37.6%
CapitolEddy
33.7%
UnknownLyme
30.9%
Peacekeeperold man from district 11
13.3%

You're not logged in!

Compare scores with friends on all Sporcle quizzes.
OR
Log In

You Might Also Like...

Show Comments

Extras

Created Mar 13, 2012ReportNominate
Tags:cause, death, hunger, murderer

Top Quizzes Today


Score Distribution

Your Account Isn't Verified!

In order to create a playlist on Sporcle, you need to verify the email address you used during registration. Go to your Sporcle Settings to finish the process.

Report this User

Report this user for behavior that violates our Community Guidelines.

Details: